Criminología: un enfoque humanístico (Registro nro. 7396)

Detalles MARC
000 -Cabecera
Campo de control de longitud fija 00750nam a22002897a 4500
005 - Fecha y hora de la última transacción
Campo de control 20260226085440.0
008 - Elementos de longitud fija--Información general
Campo de control de longitud fija 160118b2014 xxu||||| |||| 00| | spa d
020 ## - International Standard Book Number
Número Internacional Estándar del Libro (ISBN) 9789583510168
041 ## - Idioma
Código de idioma Español
082 ## - Clasificación Decimal Dewey
Número de clasificación 364 R436c4
100 ## - Entrada principal--Autor personal
Nombre personal Restrepo Fontalvo, Jorge
9 (RLIN) 1248
245 ## - Título propiamente dicho
Título Criminología: un enfoque humanístico
250 ## - Edición
Mención de edición 4 edición
260 ## - Pie de imprenta
Lugar de publicación, distribución, etc. Colombia
260 ## - Pie de imprenta
Nombre del editor, distribuidor, etc. Editorial Temis
260 ## - Pie de imprenta
Fecha de publicación, distribución, etc. 2014
300 ## - Descripción física
Extensión 676 páginas
490 ## - Serie
Título de la Serie Investigación Criminal
650 ## - Materia general
Temática (materia general) CRIMINOLOGÍA
650 ## - Materia general
Temática (materia general) CRIMINALIDAD
650 ## - Materia general
Temática (materia general) PSICOLOGÍA CRIMINAL
650 ## - Materia general
Temática (materia general) SOCIOLOGÍA CRIMINAL
650 ## - Materia general
Temática (materia general) PREVENCIÓN DEL DELITO
650 ## - Materia general
Temática (materia general) DERECHOS HUMANOS
650 ## - Materia general
Temática (materia general) RESOCIALIZACIÓN
942 ## - Punto de acceso adicional KOHA
Tipo de ítem KOHA Libro
Fuente del sistema de clasificación o colocación Dewey Decimal Classification
Existencias
Signatura completa Código de barras Programa Académico Tipo de ítem
364 R436c4 19769 Investigación Criminal Libro